000 01063nam0a22002411 4500
001 rc\3710184
005 20260406224438.0
021 _aRU
_bРг5046-72
035 _a(NLR Aleph) 007768011
090 _a7437761
_c7437761
100 _a20130115d1971 |||y0rusy50 ca
101 0 _arus
102 _aRU
105 _ay z |||||
200 1 _aСборник местных норм и расценок на строительные, монтажные и ремонтно-строительные работы, не охваченные действующими ЕНиР
_fГлавташкентстрой. Отд. труда и зар. платы. Нормат.-исслед. станция
210 _aТашкент
_cБ. и.
_d1971
215 _a180 с.
_d20
712 0 2 _aТашкентское главное управление по жилищному и гражданскому строительству
_9456507
_3RU\NLR\AUTH\889980109
801 0 _aRU
_bNLR
_gpsbo
801 1 _aRU
_bELAR
_2rusmarc
852 _aNLR
_bСВТЛ
942 _cBOOK
980 _aNB